| 000 | 00719nam a2200205 i 4500 | ||
|---|---|---|---|
| 001 | 43610 | ||
| 003 | ES-MaACL | ||
| 005 | 20240224062536.0 | ||
| 007 | t| | ||
| 008 | 030318s1863 fr ||||1| fre d | ||
| 100 | 1 |
_aCervantes Saavedra, Miguel de, _d1547-1616 _9226514 |
|
| 240 | 1 | 0 |
_aDon Quijote de la Mancha. _lFrancés |
| 245 | 1 | 2 |
_aL'ingénieux hidalgo Don Quichotte de la Manche / _cpar Miguel de Cervantes Saavedra ; traduction de Louis Viardot avec les dessins de Gustave Doré. |
| 260 |
_aParis : _bLibrairie de L. Hachette et Cie., _c1863. |
||
| 300 |
_a2 v. ; _c42 cm. |
||
| 700 | 1 |
_aViardot, Louis. _9114298 |
|
| 700 | 1 |
_aDoré, Gustave. _945388 |
|
| 852 |
_aES-MaACL _jR-3300-01 |
||
| 999 |
_c43610 _d43610 |
||